Word Weirdos Quiz Stats

 Plays Quiz not verified by Sporcle

Score 0/22 Timer 06:00
0 Plays Today
Definition Weird Word % Correct
A person who lives (or is located) near another; be located near or adjacent toNeighbor
70.3%
The cardinal number that is the sum of seven and one Eight
69.6%
The vertical dimension of extension; distance from the base of something to the topHeight
64.5%
The vertical force exerted by a mass as a result of gravity Weight
63.5%
Cargo: goods carried by a large vehicleFreight
62%
After a negative statement used as an intensive meaning something like `likewise' or `also'; conjunction used before two or more alternativesEither
61.5%
•sled: a vehicle mounted on runners and pulled by horses or dogs; for transportation over snowSleigh
61.5%
Head covering: a garment that covers the head and face Veil
59.8%
A very light brown; of a light greyish-brown colorBeige
56.9%
A period during which something or somebody is dominant or powerful; to ruleReign
56.6%
A sudden occurrence (or recurrence) of a diseaseSeizure
55.9%
Definition Weird Word % Correct
A four-sided spinning top, played with during the Jewish holiday of HanukkahDreidel
54.7%
A person who is entitled by law or by the terms of a will to inherit the estate of another; successor Heir
52%
Motivation deriving logically from ethical or moral principles that govern a person's thoughts and actions; moral senseConscience
47.5%
Belonging to times long past especially of the historical period before the fall of the Western Roman Empire; a very old personAncient
46.8%
Of concern to or concerning the affairs of other nations; relating to or originating in or characteristic of another place or part of the worldForeign
46.6%
Something that is lost or surrendered as a penaltyForfeit
39%
Deceive by a mock action; a movement made to confuse the opponentFeint
36.3%
Any of a large group of nitrogenous organic compounds that are essential constituents of living cells; consist of polymers of amino acidsProtein
36%
Skill: ability to produce solutions in some problem domain; in its broadest sense, any systematic knowledge-base or prescriptive practice that is capable of resulting in a correct Science
32.1%
The leader of an Arab village or family; dandy: a man who is much concerned with his dress and appearanceSheik
31.9%
An extended social group having a distinctive cultural and economic organization; club: a formal association of people with similar interestsSociety
16.4%

You're not logged in!

Compare scores with friends on all Sporcle quizzes.
OR
Log In

Show Comments

Extras

Top Quizzes Today


Score Distribution

Your Account Isn't Verified!

In order to create a playlist on Sporcle, you need to verify the email address you used during registration. Go to your Sporcle Settings to finish the process.

Report this User

Report this user for behavior that violates our Community Guidelines.

Details: